Disney World: Magic Kingdom Rides - Statistics

General Stats
  • This quiz has been taken 132 times
  • The average score is 19 of 30
Answer Stats
Section Ride % Correct
Liberty Square Haunted Mansion
91%
Frontierland Splash Mountain
91%
Frontierland Big Thunder Mountain Railroad
89%
Fantasyland It's a Small World
88%
Tomorrowland Space Mountain
88%
Tomorrowland Buzz Lightyear's Space Ranger Spin
83%
Adventureland Jungle Cruise
83%
Adventureland The Magic Carpets of Aladdin
81%
Adventureland Pirates of the Caribbean
80%
Fantasyland Peter Pan's Flight
77%
Fantasyland Dumbo the Flying Elephant
75%
Tomorrowland Tomorrowland Transit Authority PeopleMover
74%
Fantasyland Seven Dwarfs Mine Train
72%
Fantasyland The Many Adventures of Winnie the Pooh
72%
Liberty Square The Hall of Presidents
70%
Adventureland Walt Disney's Enchanted Tiki Room
67%
Tomorrowland Astro Orbiter
65%
Tomorrowland Walt Disney's Carousel of Progress
65%
Tomorrowland Monsters, Inc. Laugh Floor
62%
Fantasyland Mad Tea Party
61%
Fantasyland Under the Sea: Journey of the Little Mermaid
61%
Tomorrowland Tomorrowland Speedway
56%
Frontierland Country Bear Jamboree
50%
Tomorrowland Stitch's Great Escape
50%
Liberty Square Liberty Belle Riverboat
47%
Adventureland Swiss Family Treehouse
45%
Frontierland Tom Sawyer Island
41%
Fantasyland Mickey's PhilharMagic
36%
Fantasyland Cinderella Castle
20%
Liberty Square The Muppets Present...Great Moments in American History
5%
No matching quizzes found
Score Distribution
Percent of People with Each Score
Percentile by Number Answered
Your Score History
You have not taken this quiz